000
00332nam a2200145Ia 4500
008
230917s9999||||xx |||||||||||||| ||und||
040
_e
62963
_a
MAIN
041
_a
English
082
_a
658.5 B864M
100
_a
Buffa, E S
245
0
_a
Modern production management
260
_b
Wiley
_c
1977
300
_a
743 p.
942
_c
BK
999
_c
231908
_d
231908